Biblioteca

La santificación : Desde la perspectiva del Antiguo Testamento. Siete estudios bíblicos / Theo G. Donner (Registro nro. 34621)

Detalles MARC
000 -LÍDER
Campo fijo de descripción fija 005810000a22001930004500
041 0# - CÓDIGO DE IDIOMA
Código de idioma para texto/pista de sonido o título separado
082 04 - NÚMERO DE CLASIFICACIÓN DECIMAL DEWEY
Número de clasificación G 234.8 D686s
001 - NÚMERO DE CONTROL
Campo de control 4003
100 1# - ASIENTO PRINCIPAL--NOMBRE PERSONAL
Nombre personal Donner, Theodorus Gerardus (Theo G.)
245 10 - TÍTULO
Título del Material La santificación : Desde la perspectiva del Antiguo Testamento. Siete estudios bíblicos / Theo G. Donner
250 ## - MENCIÓN DE EDICIÓN
Mención de edición 2
260 ## - PUBLICACIÓN, DISTRIBUCIÓN, ETC. (PIE DE IMPRENTA)
Lugar de publicación, distribución, etc. Medellín, Colombia : Seminario Bíblico de Colombia
300 ## - DESCRIPCIÓN FÍSICA
Extensión 74 Pag
336 ## - CONTENT TYPE
Content type term texto
Content type code txt
Source rdacontent
337 ## - MEDIA TYPE
Source rdamedia
Media type term sin mediación
Media type code n
338 ## - CARRIER TYPE
Source rdacarrier
Carrier type term volumen
Carrier type code nc
650 14 - ASIENTO SECUNDARIO DE MATERIA - TERMINO TEMÁTICO
Término temático o nombre geográfico como elemento de entrada SANTIFICACION
942 ## - TIPO DE MATERIAL (KOHA)
Tipo de Item KOHA Libros General
Existencias
Estado de Material Estado de Perdido Estado de Dañado No para Préstamo Colección Tomo Biblioteca de Origen Biblioteca Permanente Fecha de Adquisición Total de Préstamos Total de Renovaciones Signatura Topográfica Código de Barras Última vez visto Última vez Préstado Ejemplar/Existencia Fecha de Remplazo Tipo de Material
        Colección General   Biblioteca FUSBC Biblioteca FUSBC 05/12/2004 8 6 G 234.8 D686s 25443 01/08/2024 02/05/2024 1 26/01/2016 Libros General
        Colección General   Biblioteca FUSBC Biblioteca FUSBC 05/12/2004 6 2 G 234.8 D686s 25447 21/08/2024 21/08/2024 5 26/01/2016 Libros General
        Colección General   Biblioteca FUSBC Biblioteca FUSBC 05/12/2004 2 7 G 234.8 D686s 25446 27/08/2024 11/06/2024 4 26/01/2016 Libros General
        Colección General   Biblioteca FUSBC Biblioteca FUSBC 05/12/2004 6 10 G 234.8 D686s 25445 18/10/2025 08/09/2025 3 26/01/2016 Libros General
        Colección General   Biblioteca FUSBC Biblioteca FUSBC 05/12/2004     G 234.8 D686s 25444 22/08/2025   2 26/01/2016 Libros Patrimoniales

Biblioteca FUSBC | Teléfono: (57+4) 349 88 10 Ext. 141| WhatsApp (+57) 3005338115 
E-mail: biblioteca@unisbc.edu.co | Calle 76 87-14 Robledo Palenque, Medellín, Colombia

Con tecnología Koha